Statistics for 南アメリカ地図クイズ

Click here to take the quiz!

General Stats

  • This quiz has been taken 854 times
  • The average score is 10 of 14

Answers on the Map

Answers color-coded by a green-red scale on the quiz's map according to % correct below.
 

Answer Stats

Answer% Correct
アルゼンチン
95%
チリ
89%
ブラジル
81%
フォークランド諸島 (英)
80%
コロンビア
78%
エクアドル
76%
ウルグアイ
75%
パラグアイ
73%
ペルー
72%
ガイアナ
71%
スリナム
70%
ベネズエラ
65%
ボリビア
63%
仏領ギアナ
50%

Score Distribution

Percentile by Number Answered

Percent of People with Each Score

Your Score History

You have not taken this quiz